Le livre du Compagnon: Manuel d'instruction initiatique rédigé à l'usage de ses FF du 2è degré

Uloženo v:
Podrobná bibliografie
Hlavní autor: Wirth, Oswald (Autor)
Médium: Kniha
Jazyk:francouzština
Vydáno: París La L. Travail & Vrais Amis Fidèles 1922
Vydání:2a. ed
Edice:<La >Franc-maçconnerie rendue intelligible à ses adeptes
Témata:
Tagy: Přidat tag
Žádné tagy, Buďte první, kdo vytvoří štítek k tomuto záznamu!

MARC

LEADER 00000nam a2200000 a 4500
001 UCJ5814
003 CL-VaPUC
008 070124e19220000FR |||||||||||||||||fre|d
082 0 4 |a 366  |b WIR  |2 21 
100 0 |a Wirth, Oswald  |e author  |9 511607 
245 1 3 |a Le livre du Compagnon: Manuel d'instruction initiatique rédigé à l'usage de ses FF du 2è degré  
250 |a 2a. ed 
300 |a 189 p 
942 |c BK 
945 |d 20070124 00:00:00  |a rinostro 
260 |a París  |b La L. Travail & Vrais Amis Fidèles  |c 1922 
500 |a Exhaustivo índice que constituye, casi, un mini diccionario de la masonería. Ilustraciones: símbolos masónicos. Ex libris de Don Francisco de Borja Echeverría, porteño, a cuya excelente biblioteca, deshecha a golpes de martillero público, perteneció este ejemplar 
600 0 7 |a ECHEVERRIA, FRANCISCO DE BORJA  |2 CL-VaPUC  |9 505871 
650 0 |a Masonería   |9 256238 
650 7 |a LITURGIA  |2 CL-VaPUC  |9 511608 
650 7 |a RITOS MASONICOS  |2 CL-VaPUC  |9 511609 
650 0 |a Laicismo  |9 313856 
650 0 |a Simbología  |9 267342 
650 0 |a Ilustraciones  |9 369481 
650 7 |a EX LIBRIS  |2 CL-VaPUC  |9 505186 
583 |a last modification  |c 20070124 00:00:00  |k Rodrigo Vera 
490 0 |a <La >Franc-maçconnerie rendue intelligible à ses adeptes 
999 |c 321923  |d 321921 
952 |0 0  |1 0  |4 0  |6 366_000000000000000_WIR_1922  |7 0  |8 X  |9 400807  |a FDOBUD  |b FDOBUD  |d 2019-11-22  |i 1039911  |o 366 WIR 1922  |p 1039911  |r 2019-11-22  |w 2019-11-22  |y BK_X  |k BUD